Processo e Constituiȯ̂

Bibliographic Details
Main Author: Rodrigues Dos Santos, Eduardo
Format: Book
Language:Portuguese
Published: Brasil JH Mizuno 2014
Subjects:
Online Access:Acceso restringido

MARC

LEADER 00000nam a22000007a 4500
005 20160413135148.0
007 cr|||| ||u|
008 160413s2014 bl ||||| |||| 00||0 por d
020 |a 978-85-7789-192-4 
035 |a 14104 
040 |a vLex  
090 |c 5988  |d 5988 
100 1 |a Rodrigues Dos Santos, Eduardo  
245 1 0 |a  Processo e Constituiȯ̂  |h [Recurso electrn̤ico] /  |c Eduardo Rodrigues Dos Santos 
256 |a Servicio en ln̕ea  
260 |a Brasil   |b JH Mizuno  |c 2014 
300 |a 1 recurso electrn̤ico  
500 |a Estudar “Processo” ̌estudar “Constituiȯ̂”. Essa afirmaȯ̂ fica muito clara quando se l ̊a Constituiȯ̂ brasileira de 1988, pois nela se encontram diversas disposiė̳s processuais que juntas formam um subsistema constitucional: o sistema processual constitucional, ou aquilo que se habituou a chamar de modelo constitucional de processo. Essa obra parte dessas premissas e busca investigar, ̉luz do ps̤-positivismo jurd̕ico e do constitucionalismo contemporńeo, os princp̕ios processuais constitucionais como sendo as bases de um processualismo democrt̀ico que visa garantir, defender e promover os direitos dos cidadôs. Assim, defende-se que o processo constitucionalizado constitui verdadeira garantia de defesa do cidadô no ḿbito do Estado Democrt̀ico de Direito, em especial da Repb︢lica Federativa do Brasil. Neste trabalho, busca-se apresentar os delineamentos deste processo democrt̀ico, partindo das concepė̳s de comparticipaȯ̂ e policentrismo processual, afastando-se dos arbt̕rios, dos protagonismos e dos ativismos indevidos que conduzem ao desequilb̕rio processual e se mostram antidemocrt̀icos e prejudiciais ̉cidadania. 
506 1 |a Contenido solo disponible en los productos indicados  |d vLex Global  |d vLex Global (Academic Edition, excluding Law Schools)  |d vLex Global (U.S. Academic Edition, Law Schools)  |d vLex Global (U.S. Academic Edition, excluding Law Schools)  |d vLex Global (Academic Edition, Law Schools) 
650 0 4 |a Derecho constitucional  |z Brasil 
740 0 |a vLex libros (servicio en ln̕ea)  
856 4 0 |u http://vlex.com/source/processo-e-constitui-o-14104  |z Acceso restringido  
942 |c BOOK 
999 0 |a Constitutional law  |b Brasil